| 000 | 00633cam a22002175a 4500 | ||
|---|---|---|---|
| 001 | 303010 | ||
| 005 | 20180319142022.0 | ||
| 008 | 720919s1972 enka frb 001 0 eng d | ||
| 020 | _a0713155957 | ||
| 040 |
_aDLC _cDLC _dDLC _dEG-ScBUE _beng |
||
| 082 | 0 | 4 |
_a301.36 _222 _bCAR |
| 100 | 1 | _aCarter, Harold. | |
| 245 | 1 | 4 |
_aThe study of urban geography / _cHarold Carter. |
| 260 |
_aLondon : _bEdward Arnold, _c1972. |
||
| 300 |
_axiv, 346 p. : _bill. ; _c24 cm. |
||
| 504 | _aIncludes bibliographical references and index. | ||
| 650 | 7 |
_aUrban geography. _2BUEsh _924254 |
|
| 651 | _2BUEsh | ||
| 653 |
_bGGEN _cMarch2018 |
||
| 942 | _2ddc | ||
| 999 |
_c26350 _d26322 |
||